000 00824nam a2200205Ii 4500
003 JO-AjNU
008 230605s9999||||xx |||||||||||||| ||und||
040 _aJO-AjNU
_bara
_erda
_cJO-AjNU
041 _aara
050 1 4 _aBP136.I26 1990
100 3 _aالعسقلاني، أحمد بن علي بن حجر؛ مراجعة وتقديم محمد عوض؛ تعليق محمد الصباغ,
_eauthor
_945505
245 0 0 _aشرح نخبة الفكر في مصطلح أهل الأثر
250 _aط2
264 3 1 _aدمشق، بيروت: مكتبة الغزالي، مؤسسة مناهل العرفان، 1990
300 _a182ص
336 _atext
_btxt
_2rdacontent
337 _aunmediated
_bn
_2rdamedia
338 _avolume
_bnc
_2rdacarrier
650 4 _aالحديث - علوم - شرح الحديث - مصطلح
_945506
999 _aA19731
_c23299
_d23299